000 00596nam a22001337a 4500
008 110623t xxu||||| |||| 00| 0 eng d
010 _aHCMA F-102
245 _aHigh Court Miscellaneous Application. No. 947 of 1999.Sudhir Ruparrela vs G.Magezi and another
260 _c1999
500 _aBefore:The Hon.Justice Richard O.Okumu wengi
500 _aOriginal Civil Suit No.1076 of 1996
999 _c3795
_d3795